000
00258nam a22000977a 4500
999
_c
531493
_d
531493
082
_a
692.5
_b
DAS
100
_a
Dagostino, Frank R.
245
_a
Estamating in Building Construction /
942
_2
ddc
_c
BK